Cover story : the new literacy / [et al.] (Record no. 65151)

MARC details
000 -CABECERA
campo de control de longitud fija 00703nam a2200253 a 4500
005 - FECHA Y HORA DE LA ÚLTIMA TRANSACCIÓN
campo de control 20210219152954.0
008 - ELEMENTOS DE LONGITUD FIJA--INFORMACIÓN GENERAL
campo de control de longitud fija 991125n 000 0 u
035 ## - NÚMERO DE CONTROL DEL SISTEMA
Número de control de sistema UPN01000069875
100 ## - ASIENTO PRINCIPAL--NOMBRE PERSONAL
Nombre de persona Hill, Maggie
222 ## - TÍTULO CLAVE
Título clave ELECTRONIC LEARNING IN YOUR CLASSROOM
245 ## - MENCIÓN DE TÍTULO
Título Cover story : the new literacy / [et al.]
300 ## - DESCRIPCIÓN FÍSICA
Extensión 28-34
362 ## - FECHAS DE PUBLICACIÓN Y/O DESIGNACIÓN SECUENCIAL
Fecha de publicación y/o designación secuencial 12, No. 1, 1992
505 ## - NOTA DE CONTENIDO CON FORMATO PREESTABLECIDO
Nota de contenido con formato Febrero 1993
653 0# - TERMINO DE INDIZACION - NO CONTROLADO
Término no controlado ALFABETIZACION FUNCIONAL
653 0# - TERMINO DE INDIZACION - NO CONTROLADO
Término no controlado DESARROLLO CURRICULAR
653 0# - TERMINO DE INDIZACION - NO CONTROLADO
Término no controlado DESTREZAS DEL PENSAMIENTO
653 0# - TERMINO DE INDIZACION - NO CONTROLADO
Término no controlado HABILIDAD COMUNICATIVA
653 0# - TERMINO DE INDIZACION - NO CONTROLADO
Término no controlado PENSAMIENTO CRITICO
700 ## - ASIENTO SECUNDARIO--NOMBRE DE PERSONAL
Nombre de persona Marzano, Robert J.
700 ## - ASIENTO SECUNDARIO--NOMBRE DE PERSONAL
Nombre de persona Gould, John
904 ## - ELEMENTOS DE DATOS D LOCAL, LDD (RLIN)
a AC
b 007686
905 ## - TIPO DE MATERIAL
Tipo de material Articulo

No items available.